000 00489nam a2200193Ia 4500
003 GCL
008 140319s9999 xx 000 0 eng d
040 _aGCL /
_cGCL
082 0 4 _a741.6
_bB B
100 1 _aBOUVERT, FRANCIS
245 1 0 _aBONNARD: THE COMPLETE GRAPHIC WORK /
_cBOUVERT, FRANCIS
260 _a[S.N] :
_bTHAMES AND HUDSON ،
_c1981
300 _a351 P
650 0 4 _aLITHOGRAPHY
650 0 4 _aBONNARD
650 0 4 _aPOSTERS
650 0 4 _aGRAPHIC ARTS
942 _2ddc
_cBK
999 _c11934
_d11934